Scepticism, freedom, and autonomy : (Record no. 117407)
[ view plain ]
| 000 -LEADER | |
|---|---|
| fixed length control field | 01994nam a22004091i 4500 |
| 001 - CONTROL NUMBER | |
| control field | ebr10755098 |
| 003 - CONTROL NUMBER IDENTIFIER | |
| control field | CaPaEBR |
| 006 - FIXED-LENGTH DATA ELEMENTS--ADDITIONAL MATERIAL CHARACTERISTICS--GENERAL INFORMATION | |
| fixed length control field | m o d |
| 007 - PHYSICAL DESCRIPTION FIXED FIELD--GENERAL INFORMATION | |
| fixed length control field | cr cn||||||||| |
| 008 - FIXED-LENGTH DATA ELEMENTS--GENERAL INFORMATION | |
| fixed length control field | 030117s2003 gw ob 001 0 eng d |
| 020 ## - INTERNATIONAL STANDARD BOOK NUMBER | |
| Cancelled/invalid ISBN | 311017538X (cloth) |
| International Standard Book Number | 9783110910957 (e-book) |
| Cancelled/invalid ISBN | 9783110175387 |
| 040 ## - CATALOGING SOURCE | |
| Original cataloging agency | CaPaEBR |
| Language of cataloging | eng |
| Description conventions | rda |
| -- | pn |
| Transcribing agency | CaPaEBR |
| 035 ## - SYSTEM CONTROL NUMBER | |
| System control number | (OCoLC)861527379 |
| 050 14 - LIBRARY OF CONGRESS CALL NUMBER | |
| Classification number | B1878.E7 |
| Item number | A73 2003eb |
| 100 1# - MAIN ENTRY--PERSONAL NAME | |
| Personal name | Araujo, Marcelo de. |
| 245 10 - TITLE STATEMENT | |
| Title | Scepticism, freedom, and autonomy : |
| Remainder of title | a study of the moral foundations of Descartes' theory of knowledge / |
| Statement of responsibility, etc | by Marcelo de Araujo. |
| 246 30 - VARYING FORM OF TITLE | |
| Title proper/short title | Study of the moral foundations of Descartes' theory of knowledge |
| 264 #1 - PRODUCTION, PUBLICATION, DISTRIBUTION, MANUFACTURE, AND COPYRIGHT NOTICE | |
| Place of production, publication, distribution, manufacture | Berlin ; |
| -- | New York : |
| Name of producer, publisher, distributor, manufacturer | Walter de Gruyter, |
| Date of production, publication, distribution, manufacture, or copyright notice | 2003. |
| 300 ## - PHYSICAL DESCRIPTION | |
| Extent | 1 online resource (247 pages) |
| 336 ## - CONTENT TYPE | |
| Content type term | text |
| Source | rdacontent |
| 337 ## - MEDIA TYPE | |
| Media type term | computer |
| Source | rdamedia |
| 338 ## - CARRIER TYPE | |
| Carrier type term | online resource |
| Source | rdacarrier |
| 440 #0 - SERIES STATEMENT/ADDED ENTRY--TITLE | |
| Title | Quellen und Studien zur Philosophie ; |
| Volume number/sequential designation | Bd. 58 |
| 500 ## - GENERAL NOTE | |
| General note | Revised thesis (doctoral) - Universit�at Konstanz, 2002. |
| 504 ## - BIBLIOGRAPHY, ETC. NOTE | |
| Bibliography, etc | Includes bibliographical references (pages [207]-234) and index. |
| 588 ## - SOURCE OF DESCRIPTION NOTE | |
| Source of description note | Description based on print version record. |
| 590 ## - LOCAL NOTE (RLIN) | |
| Local note | Electronic reproduction. Palo Alto, Calif. : ebrary, 2013. Available via World Wide Web. Access may be limited to ebrary affiliated libraries. |
| 600 10 - SUBJECT ADDED ENTRY--PERSONAL NAME | |
| Personal name | Descartes, Ren�e, |
| Dates associated with a name | 1596-1650. |
| 650 #0 - SUBJECT ADDED ENTRY--TOPICAL TERM | |
| Topical term or geographic name as entry element | Ethics, Modern |
| Chronological subdivision | 17th century. |
| Topical term or geographic name as entry element | Skepticism. |
| 655 #0 - INDEX TERM--GENRE/FORM | |
| Genre/form data or focus term | Electronic books. |
| 776 08 - ADDITIONAL PHYSICAL FORM ENTRY | |
| Display text | Print version: |
| Main entry heading | Araujo, Marcelo de. |
| Title | Scepticism, freedom, and autonomy : a study of the moral foundations of Descartes' theory of knowledge. |
| Place, publisher, and date of publication | Berlin ; New York : Walter de Gruyter, 2003 |
| Physical description | 237 pages ; 24 cm. |
| Series data for related item | Quellen und Studien zur Philosophie ; Bd. 58. |
| International Standard Book Number | 9783110175387 |
| Record control number | (OCoLC)ocm51478452 |
| -- | (DLC) 2003450348 |
| 797 2# - LOCAL ADDED ENTRY--CORPORATE NAME (RLIN) | |
| Corporate name or jurisdiction name as entry element | ebrary. |
| 856 40 - ELECTRONIC LOCATION AND ACCESS | |
| Uniform Resource Identifier | <a href="http://site.ebrary.com/lib/rucke/Doc?id=10755098">http://site.ebrary.com/lib/rucke/Doc?id=10755098</a> |
| Public note | An electronic book accessible through the World Wide Web; click to view |
No items available.
